Statystyki dla Triumfatorzy konkursów PŚ - sezon 14/15

Kliknij tutaj aby rozwiązać quiz!

Ogólne statystyki

  • Ten quiz został rozwiązany 52 razy
  • Średni wynik to 9 z 13

Statystyki odpowiedzi

Liczba zwycięstwZawodnik% Poprawnych
2Kamil Stoch
100%
3Peter Prevc
91%
3Stefan Kraft
91%
9Severin Freund
88%
1Noriaki Kasai
77%
2Richard Freitag
74%
1Gregor Schlierenzauer
65%
2Simon Ammann
60%
2Anders Fannemel
58%
1Michael Hayboeck
58%
4Roman Koudelka
56%
1Anders Jacobsen
47%
1Jurij Tepes
42%

Rozkład punktacji

Percentyl według liczby udzielonych odpowiedzi

Procent ludzi z każdym wynikiem

Twoja historia wyników

Nie rozwiązałeś tego quizu